000
00292nam a22001337a 4500
008
180306b xxu||||| |||| 00| 0 eng d
020
_a
9781844518470
041
_a
eng
080
_a
7
100
_a
44
101
_a
ART
245
_a
Dreams an illustrated guide
_c
Ahmad,R
942
_2
udc
_c
BK
999
_c
44176
_d
44176